|
|
|
|
| LEADER |
00000nam2a2200000 4500 |
| 001 |
268609 |
| 005 |
20231031224147.0 |
| 010 |
|
|
|b 8200 экз.
|
| 035 |
|
|
|a (RuTPU)RU\TPU\book\291760
|
| 035 |
|
|
|a RU\TPU\book\291739
|
| 090 |
|
|
|a 268609
|
| 100 |
|
|
|a 20140905d1932 km y0rusy50 ca
|
| 101 |
0 |
|
|a rus
|
| 102 |
|
|
|a RU
|
| 105 |
|
|
|a abcfz 001zy
|
| 200 |
0 |
|
|a Т. 3: Л - Н
|f гл. ред. Б. З. Шумяцкий (Москва) ; пом. ред. А. А. Ансон (Новосибирск), М. М. Басов (Иркутск)
|
| 210 |
|
|
|d [1932]
|
| 215 |
|
|
|a [8], 804 с., [29] вкл. л.
|c ил.
|
| 300 |
|
|
|a Нумерация страниц в двойной пагинации.
|
| 320 |
|
|
|a Литература в конце ст.
|
| 320 |
|
|
|a Перечень крупных статей III тома: с. [6]
|
| 320 |
|
|
|a Список иллюстраций III тома: с. [7-8]
|
| 461 |
|
1 |
|0 (RuTPU)RU\TPU\book\291695
|t Сибирская советская энциклопедия
|o в 4 т.
|f под общей ред. М. К. Азадовского и др.
|v Т. 3: Л - Н
|d [1929]-
|
| 610 |
1 |
|
|a справочные издания
|
| 610 |
1 |
|
|a энциклопедии
|
| 610 |
1 |
|
|a Сибирь
|
| 702 |
|
1 |
|a Шумяцкий
|b Б. З.
|4 651
|
| 702 |
|
1 |
|a Ансон
|b А. А.
|4 340
|
| 702 |
|
1 |
|a Басов
|b М. М.
|4 340
|
| 801 |
|
1 |
|a RU
|b 63413507
|c 20140904
|
| 801 |
|
2 |
|a RU
|b 63413507
|c 20160623
|g RCR
|
| 942 |
|
|
|c BK
|